Top Artists on Pandora by Letter - Statistics

General Stats
  • This quiz has been taken 26 times
    11 since last reset
  • The average score is 8 of 26
Answer Stats
Letter Artist Listeners (Millions) % Correct
A Adele 33
63%
T Taylor Swift 35
63%
D Drake 69
50%
J Justin Bieber 25
50%
K Katy Perry 26
50%
Q Queen 8.8
50%
R Rihanna 43
50%
B Beyonce 38
38%
E Eminem 45
38%
N Nicki Minaj 32
38%
O One Direction 12
38%
F Future 24
25%
I Imagine Dragons 12
25%
L Lil Wayne 53
25%
X The xx 2.8
25%
W Wiz Khalifa 27
25%
C Chris Brown 35
13%
G Gucci Mane 11
13%
H Hillsong United 5.1
13%
M Maroon 5 23
13%
P Pitbull 18
13%
S Sublime 12
13%
U Usher 27
13%
V Vincente Fernandez 10
13%
Y Young Jeezy 12
13%
Z Zac Brown Band 11
13%
No matching quizzes found
Score Distribution
Percent of People with Each Score
Percentile by Number Answered
Your Score History
You have not taken this quiz since the last reset